MARC

LEADER 00000nam0a2200000 4500
001 319353
005 20231102003154.0
035 |a (RuTPU)RU\TPU\book\344862 
090 |a 319353 
100 |a 20160528d1975 m y0rusy50 ca 
101 0 |a rus 
102 |a RU 
105 |a a z 000zy 
200 1 |a Двенадцать моих драгоценностей  |f А. А. Бальбуров 
210 |a Москва  |c Советская Россия  |d 1975 
215 |a 224 с.  |c ил. 
225 1 |a В семье Российской, братской 
606 1 |a Бурятия, республика  |x История  |2 stltpush  |3 (RuTPU)RU\TPU\subj\67229  |9 83112 
606 1 |a Экономика  |y Россия  |y Дальний Восток  |2 stltpush  |3 (RuTPU)RU\TPU\subj\64438  |9 81336 
610 1 |a история 
610 1 |a этнология 
610 1 |a народности 
610 1 |a буряты 
610 1 |a природа 
610 1 |a хозяйственная деятельность 
610 1 |a войны 
610 1 |a промышленность 
610 1 |a народные промыслы 
686 |a У9(2Р55)  |v LBC/SL-A  |2 rubbk 
686 |a Т3(253.5)  |v LBC/SL-A  |2 rubbk 
700 1 |a Бальбуров  |b А. А.  |g Африкан Андреевич 
801 1 |a RU  |b 63413507  |c 20160528 
801 2 |a RU  |b 63413507  |c 20200710  |g RCR 
942 |c BK